1107 1779 1984 1337 1325 1858 1968 1897 1570 1929 1642 1488 1539 1775 1385 1787 1297 1602 1668 1572 1119 1173 1937 1475 1262 1773 1506 1958 1030 1991 1242 1908 1343 1820 1448 1003 1821 1655 1247 1263 1533 1413 1298 1084 1102 1744 1852 1884 1160 1205 1094 1175 1387 1672 1960 1143 1973 1531 1928 1599 1690 1375 1993 1737 1963 1761 1152 1972 1767 1172 1580 1218 1874 1823 1364 1833 1763 1597 1467 1909 1276 1486 1607 1967 1102 1100 1456 1234 1067 1131 1478 1487 1172 1997 1417 1069 1575 1121 1013 BCNSPRNW ULIB Ver.6.0+V

เปลี่ยนเป็นภาษาไทย

Change to English
 แสดงรายละเอียดบรรณานุกรม
  กลับหน้าหลัก

Brief Record : Get Marc (ISO 2709) : E-mail record : QR code < ปิดหน้าต่าง
LEADER : 00000nam 2200000uu 4500
001    13399112962
003     ULIB
008    110920s2554||||th 000 0 tha d
020    9789740328001
060  4 WL101^bว397ป
100 0  วิไล ชินธเนศ
245 10 ประสาทส่วนปลาย จากกายวิภาคศาสตร์สู่การวินิจฉัย^n=Peripheral nerve:from anatomt to diagnosis /^cวิไล ชินธเนศ
246 0  Peripheral nerve:from anatomt to diagnosis
250    พิมพ์ครั้งที่ 1
260    กรุงเทพฯ :^bโรงพิมพ์แห่งจุฬาลงกรณ์มหาวิทยาลัย,^c2554
300    281 หน้า :^bภาพประกอบ ;^c27 ซม.
650  7 กายวิภาคศาสตร์
650  7 เส้นประสาทส่วนปลาย
945    ^p350^l0^i030582
945    ^p350^l0^i030583
945    ^p350^l0^i030584
945    ^p350^l0^i031130
945    ^p350^l0^i031131
945    ^p350^l0^i031132
995     เกษร
999     ^aใช้งานได้ทุกระบบ
รายการนี้ยังไม่มีแท็ก
คุณยังไม่ได้ล็อกอิน คุณสามารถมีกิจกรรมร่วมกับเว็บไซต์ได้ แต่ต้องล็อกอินก่อน ::
  ล็อกอิน

รายการสื่อสารสนเทศ

ลำดับที่ ประเภท เลขเรียก/บาร์โค้ด สถานที่ สถานะ
1. วิทยาศาสตร์การแพทย์ และสุขภาพ
หนังสือสำรอง
สถานะ=หนังสือสำรอง
WL101 ว397ป ฉ.1 
  Barcode: 030582
ห้องสมุดวิทยาเขตสวรรค์ประชารักษ์
►ส่วนจัดเก็บหนังสือเก่า สปร
บนชั้น
  ขอยืม
2. วิทยาศาสตร์การแพทย์ และสุขภาพ
วิทยาศาสตร์การแพทย์ และสุขภาพ
WL101 ว397ป ฉ.2 
  Barcode: 030583
ห้องสมุดวิทยาเขตสวรรค์ประชารักษ์
►ส่วนจัดเก็บหนังสือเก่า สปร
บนชั้น
  ขอยืม
3. วิทยาศาสตร์การแพทย์ และสุขภาพ
วิทยาศาสตร์การแพทย์ และสุขภาพ
WL101 ว397ป ฉ.3 
  Barcode: 030584
ห้องสมุดวิทยาเขตสวรรค์ประชารักษ์
►ส่วนจัดเก็บหนังสือเก่า สปร
บนชั้น
  ขอยืม
4. วิทยาศาสตร์การแพทย์ และสุขภาพ
วิทยาศาสตร์การแพทย์ และสุขภาพ
WL101 ว397ป ฉ.4 
  Barcode: 031130
ห้องสมุดวิทยาเขตสวรรค์ประชารักษ์
►ส่วนจัดเก็บหนังสือเก่า สปร
บนชั้น
  ขอยืม
5. วิทยาศาสตร์การแพทย์ และสุขภาพ
วิทยาศาสตร์การแพทย์ และสุขภาพ
WL101 ว397ป ฉ.5 
  Barcode: 031131
ห้องสมุดวิทยาเขตสวรรค์ประชารักษ์
►ส่วนจัดเก็บหนังสือเก่า สปร
บนชั้น
  ขอยืม
6. วิทยาศาสตร์การแพทย์ และสุขภาพ
วิทยาศาสตร์การแพทย์ และสุขภาพ
WL101 ว397ป ฉ.6 
  Barcode: 031132
ห้องสมุดวิทยาเขตสวรรค์ประชารักษ์
►ส่วนจัดเก็บหนังสือเก่า สปร
บนชั้น
  ขอยืม

รายการใกล้เคียง
    ผู้แต่ง [วิไล ชินธเนศ]

    หัวเรื่อง [กายวิภาคศาสตร์]
    หัวเรื่อง [เส้นประสาทส่วนปลาย]

BibComment


ยังไม่เคยถูกคอมเมนท์

คอมเมนท์ทรัพยากรรายการนี้
  คอมเมนท์: ประสาทส่วนปลาย จา..


 Copyright 2026. Bcnsprnw @Library